000 00648nam a2200229Ia 4500
003 OSt
005 20221007070730.0
006 a|||||r|||| 00| 0
007 ta
008 221006b |||||||| |||| 00| 0 eng d
024 _a46,159
037 _cTextual
040 _aFLL
_cFLL
_beng
041 _2eng
_aeng
082 _aW:(Y48), Q4
100 _aBLAUG Ricardo Au.
_9687618
245 0 _aHow power corrupts
_b cognition and democracy in organisations
260 _aHampshire
_bPalgrave Macmillan UK
_c2014
300 _a171p. ix
_ccm.
942 _hW:(Y48), Q4
_cTEXL
_2CC
999 _c1141392
_d1141392